|
|
|
|
| LEADER |
00000nkm a2200000 a 4500 |
| 001 |
vtls011884526 |
| 003 |
SK-MaSNL |
| 005 |
20260512124825.0 |
| 007 |
kp ho |
| 008 |
240703q1922 xo g kuhun |
| 015 |
|
|
|a SNBG1922
|
| 035 |
|
|
|a urn:nbn:sk:snk-km00ebes
|
| 035 |
|
|
|a urn:nbn:sk:snk-km43frg
|
| 035 |
|
|
|a D8290EEC-F592-4E60-AAE6-F2090A314131
|
| 040 |
|
|
|a SNK
|b slo
|c SNK
|e AACR2
|
| 041 |
0 |
|
|a hun
|
| 043 |
|
|
|a e-xo---
|
| 044 |
|
|
|a xo
|c SK
|
| 072 |
|
7 |
|a 913
|x Regionálna geografia
|2 konspekt
|
| 080 |
|
|
|a 913(437.6)
|2 2011
|
| 080 |
|
|
|a 711.73
|2 2011
|
| 080 |
|
|
|a (084.121)
|2 2011
|
| 080 |
|
|
|a 355.092
|2 2011
|
| 080 |
|
|
|a 355.711
|2 2011
|
| 080 |
|
|
|a 355.7
|2 2011
|
| 245 |
0 |
0 |
|a Komárom
|h grafika
|b Parkrészlet a tiszti pavillonnal
|
| 260 |
|
|
|a Komárom
|b Spitzer Sándor
|c [1922?]
|
| 300 |
|
|
|a 1 pohľadnica
|b kolorovaná
|c 9 x 14 cm
|
| 500 |
|
|
|a Názvové údaje prevzaté z obrazovej časti pohľadnice
|
| 520 |
8 |
|
|a Zobrazenie: Pohľad na ulicu vpravo, uprostred ktorej vidno dva kone zapriahnuté v kočiari a v ňom dvoch ľudí. Vľavov v pozadí sú na ulici ešte nejaké ľudia. Vpravo je rad budov, vľavo medzi nimi dôstojnícky pavilón. Chodník pred budovami je lemovaný listnatými stromami. Vľavo v pozadí za budovami vidno na konci ulice husté listnaté stromy
|
| 610 |
1 |
7 |
|a Dôstojnícky pavilón (Komárno, Slovensko)
|x architektúra
|2 SNKKA
|9 359536
|
| 650 |
0 |
7 |
|a ulice
|2 SNKPH
|9 2938
|
| 650 |
0 |
7 |
|a dôstojníci
|2 SNKPH
|9 59086
|
| 650 |
0 |
7 |
|a kasárne
|2 SNKPH
|9 29949
|
| 650 |
0 |
7 |
|a vojenské stavby
|2 SNKPH
|9 85895
|
| 651 |
|
7 |
|a Komárno (Slovensko)
|2 SNKPHgeo
|9 39168
|
| 655 |
|
7 |
|a miestne pohľadnice
|2 SNKPH
|9 70510
|
| 752 |
|
|
|a Slovensko
|d Komárno
|
| 852 |
|
|
|a Slovenská národná knižnica
|
| 958 |
|
|
|a EUIPO
|
| 958 |
|
|
|a GBN
|
| 958 |
|
|
|a GC
|
| 958 |
|
|
|a OND
|
| 999 |
|
|
|c 948251
|d 950181
|
| 952 |
|
|
|a SNK
|b SNK
|y PREZ
|7 0
|p 17A1247946
|o snkSP 31594
|z Pohľadnica prešla poštou.
|0 0
|1 0
|4 0
|d 2019-09-02
|f 1
|l 0
|r 2026-02-24 09:40:02
|w 2026-02-24
|